| 000 | 00890cab a2200253 4500 | ||
|---|---|---|---|
| 001 | L136088 | ||
| 008 | 070109n2007 000 0 eng u | ||
| 035 | _a(Sirsi) u136088 | ||
| 041 | 0 | _aeng | |
| 100 | 1 | _aDollar, Peta | |
| 245 | 0 | 0 | _aAge shall not wither them |
| 260 | _c2007 | ||
| 490 | 0 |
_aEstates Gazette _v(0701) 6 December 2006,, 88-89(2) |
|
| 520 | _aDiscusses the relevance of English land law developed in historical times to law today. Equitable principles, codified in the 16th century remain of interest in respect of trusts, restrictive covenants and injunctions . | ||
| 590 | _aKA | ||
| 650 | 2 | 4 | _aHULBERT V DALE |
| 650 | 2 | 4 | _aTULK V MOXHAY |
| 650 | 2 | 4 | _aADMINISTRATION OF ESTATES ACT 1925 |
| 650 | 2 | 4 | _aPERPETUITIES AND ACCUMULATIONS ACT 1964 |
| 651 | 4 |
_aEngland _y886- |
|
| 690 | _aPROPERTY-RURAL AND NATURAL ASSETS-LAND | ||
| 690 | _aPROPERTY | ||
| 942 | _n0 | ||
| 999 |
_c78127 _d78127 |
||